| 000 | 00877nam a2200217Ii 4500 | ||
|---|---|---|---|
| 003 | JO-AjNU | ||
| 008 | 230605s9999||||xx |||||||||||||| ||und|| | ||
| 017 | _a2009/12/5051 | ||
| 040 |
_aJO-AjNU _bara _erda _cJO-AjNU |
||
| 041 | _aara | ||
| 050 | 1 | 4 | _aDS109.9 .A8254 2009 |
| 100 | 3 |
_aالعسلي، كامل جميل, _eauthor _950235 |
|
| 245 | 0 | 0 | _aوثائق مقدسية تاريخية مع مقدمة حول المصادر الاولية لتاريخ القدس، المجلد الثاني |
| 264 | 3 | 1 | _aعمان: وزارة الشباب، 2009 |
| 300 | _aمج2، 342ص | ||
| 336 |
_atext _btxt _2rdacontent |
||
| 337 |
_aunmediated _bn _2rdamedia |
||
| 338 |
_avolume _bnc _2rdacarrier |
||
| 490 | 0 | _aسلسلة اصدارات احتفالية الاردن بالقدس عاصمة للثقافة العربية | |
| 650 | 4 |
_aالقدس- تاريخ- وثائق _950236 |
|
| 999 |
_aA22116 _c25684 _d25684 |
||